00903 2200301 4500001002100000005001500021035002000036007000300056008004100059020002200100082001400122084001600136100003700152245005800189250003400247300003100281650003700312504003300349264004500382336002100427337003000448338002300478040002200501090002200523850001200545999002200557990002200579INLIS00000000088030020230725101600 a0010-0723000671ta230725 2023 g ind  a978-623-8127-11-504223a959.8 a959.8 NEN s0 aNeng Suryanti NengsihePengarang10aSistem pemerintahan nasional /cNeng Suryanti Nengsih aCetakan pertama, Januari 2023 aviii, 142 halaman ;c20 cm 4aIndonesia--xsistem pemerintahan aBibliografi: halaman 139-14231aBantul :bMuhammad Fahmi Al Azizy,c2023 2rdacontentateks 2rdamediaatanpa perantara 2rdacarrieravolume aYOPDYOGbindcrda aCB-D.11 2023-1367 aYOPDYOG aCB-D.11/2023-1367 aCB-D.11/2023-1367